[Event "Titled Tuesday intern op 15 Mar Early"]
[Site "Chess.com INT"]
[Date "2022.03.15"]
[Round "1"]
[White "Maung, Maung Kyaw Zaw"]
[Black "Gurevich, Dmitry"]
[Result "0-1"]
[WhiteElo "2121"]
[BlackElo "2363"]
[PlyCount "60"]
[EventDate "2022.03.15"]
[EventType "swiss (blitz)"]
[EventRounds "11"]
[EventCountry "USA"]
[SourceTitle "CBM 207 Extra"]
[Source "ChessBase"]
[SourceDate "2022.05.31"]
[SourceVersion "1"]
[SourceVersionDate "2022.05.31"]
[SourceQuality "1"]

1. Nf3 Nf6 2. c4 e6 3. Nc3 d5 4. d4 Be7 5. Bf4 0-0 6. e3 b6 7. Bd3 dxc4 8. Bxc4 Bb7 9. 0-0 c5 10. Qe2 cxd4 11. Nxd4 Nbd7 12. Nf3 a6 13. Rfd1 b5 14. Bb3 Qb6 15. a3 Nc5 16. Bc2 Rfd8 17. e4 b4 18. axb4 Qxb4 19. e5 Qxf4 20. exf6 Bxf6 21. Ne1 g6 22. Nd3 Qg5 23. Ne1 Qe5 24. Qc4 Rxd1 25. Rxd1 Rc8 26. Qb4 Kg7 27. Qb6 Rd8 28. Nd3 Nxd3 29. Qxb7 Nxb2 30. Rb1 Qxc3 0-1

[Event "Titled Tuesday intern op 15 Mar Early"]
[Site "Chess.com INT"]
[Date "2022.03.15"]
[Round "6"]
[White "Vujnovic, Patricija"]
[Black "Maung, Maung Kyaw Zaw"]
[Result "0-1"]
[WhiteElo "2140"]
[BlackElo "2121"]
[PlyCount "60"]
[EventDate "2022.03.15"]
[EventType "swiss (blitz)"]
[EventRounds "11"]
[EventCountry "USA"]
[SourceTitle "CBM 207 Extra"]
[Source "ChessBase"]
[SourceDate "2022.05.31"]
[SourceVersion "1"]
[SourceVersionDate "2022.05.31"]
[SourceQuality "1"]

1. e4 c6 2. Nf3 d5 3. exd5 cxd5 4. Ne5 Nd7 5. d4 Nxe5 6. dxe5 e6 7. c4 Ne7 8. Nc3 d4 9. Nb5 Nc6 10. Bf4 a6 11. Nd6+ Bxd6 12. exd6 e5 13. Bg3 Qxd6 14. Bd3 0-0 15. 0-0 f5 16. c5 Qxc5 17. Rc1 Qb6 18. Bc4+ Kh8 19. Bd5 Ne7 20. Bb3 Qf6 21. f3 Be6 22. Re1 f4 23. Bf2 Nf5 24. Rc7 b5 25. Qd3 Bxb3 26. Qxb3 Rac8 27. Rec1 Rxc7 28. Rxc7 h5 29. Qa3 Ne3 30. Qc5 Re8 0-1

[Event "Titled Tuesday intern op 08th Mar Early"]
[Site "Chess.com INT"]
[Date "2022.03.08"]
[Round "7"]
[White "Maung, Maung Kyaw Zaw"]
[Black "Decuigniere, Tom"]
[Result "1-0"]
[WhiteElo "2121"]
[BlackElo "2292"]
[PlyCount "115"]
[EventDate "2022.03.08"]
[EventType "swiss (blitz)"]
[EventRounds "11"]
[EventCountry "USA"]
[SourceTitle "CBM 207 Extra"]
[Source "ChessBase"]
[SourceDate "2022.05.31"]
[SourceVersion "1"]
[SourceVersionDate "2022.05.31"]
[SourceQuality "1"]

1. Nf3 c5 2. c4 g6 3. d4 cxd4 4. Nxd4 Bg7 5. e4 Nc6 6. Be3 Nf6 7. Nc3 0-0 8. Be2 d6 9. 0-0 Bd7 10. f3 Nxd4 11. Bxd4 Bc6 12. Qd2 a5 13. Be3 Nd7 14. Rac1 Nc5 15. Nd5 e6 16. Nc3 Be5 17. g3 f5 18. exf5 Rxf5 19. f4 Bxc3 20. Qxc3 Ne4 21. Qc2 h5 22. Bf3 d5 23. Rcd1 Qe7 24. Bg2 Rff8 25. Bd4 Rfd8 26. cxd5 exd5 27. Be5 Qc5+ 28. Qxc5 Nxc5 29. Rd2 Ne4 30. Rd4 Kf7 31. Rfd1 Re8 32. Bxe4 dxe4 33. Kf2 Rxe5 34. fxe5 Ke6 35. Rd6+ Kxe5 36. Rxg6 Rf8+ 37. Ke1 e3 38. Rg7 Rf2 39. Re7+ Kf6 40. Rxe3 Rxb2 41. Rd6+ Kf7 42. h3 Rxa2 43. g4 hxg4 44. hxg4 Rg2 45. Rd4 a4 46. Kf1 a3 47. Rxa3 Rb2 48. Rg3 Kg6 49. g5 Rb5 50. Rd6+ Kg7 51. g6 Rf5+ 52. Ke1 Re5+ 53. Kd2 Re7 54. Kc3 Rc7 55. Kb4 Be4 56. Rd4 Bxg6 57. Rd6 Rc6 58. Rgxg6+ 1-0

[Event "Titled Tuesday intern op 08th Mar Early"]
[Site "Chess.com INT"]
[Date "2022.03.08"]
[Round "2"]
[White "Maung, Maung Kyaw Zaw"]
[Black "Estrada Nieto, Julian"]
[Result "0-1"]
[WhiteElo "2121"]
[BlackElo "2261"]
[PlyCount "34"]
[EventDate "2022.03.08"]
[EventType "swiss (blitz)"]
[EventRounds "11"]
[EventCountry "USA"]
[SourceTitle "CBM 207 Extra"]
[Source "ChessBase"]
[SourceDate "2022.05.31"]
[SourceVersion "1"]
[SourceVersionDate "2022.05.31"]
[SourceQuality "1"]

1. Nf3 d5 2. d4 Nf6 3. c4 dxc4 4. Nc3 a6 5. a4 Nc6 6. e4 Bg4 7. Be3 e6 8. Bxc4 Bb4 9. e5 Nd5 10. Bxd5 Qxd5 11. 0-0 Bxc3 12. bxc3 Bxf3 13. gxf3 Na5 14. Qd3 0-0 15. Rab1 Nc4 16. Rb4 Nxe5 17. Qe4 Nxf3+ 0-1

[Event "Titled Tuesday intern op 01st Mar Early"]
[Site "Chess.com INT"]
[Date "2022.03.01"]
[Round "4"]
[White "Martic, Ivan"]
[Black "Maung, Maung Kyaw Zaw"]
[Result "0-1"]
[WhiteElo "2287"]
[BlackElo "2121"]
[PlyCount "70"]
[EventDate "2022.03.01"]
[EventType "swiss (blitz)"]
[EventRounds "11"]
[EventCountry "USA"]
[SourceTitle "CBM 207 Extra"]
[Source "ChessBase"]
[SourceDate "2022.05.31"]
[SourceVersion "1"]
[SourceVersionDate "2022.05.31"]
[SourceQuality "1"]

1. e4 c6 2. d4 d5 3. e5 c5 4. dxc5 Nc6 5. Nf3 e6 6. Bd3 Bxc5 7. 0-0 Nge7 8. a3 Ng6 9. Qe2 0-0 10. Re1 Bd7 11. b4 Nd4 12. Nxd4 Bxd4 13. c3 Bb6 14. g3 f5 15. Nd2 f4 16. Nf3 fxg3 17. hxg3 Qe7 18. Kg2 d4 19. c4 Bc6 20. Be4 d3 21. Qxd3 Rad8 22. Qc2 Rxf3 23. Bxf3 Bxf3+ 24. Kxf3 Rf8+ 25. Bf4 Nxf4 26. gxf4 Qh4 27. Qd2 g5 28. Re4 Qh5+ 29. Kg2 Qg4+ 30. Kf1 gxf4 31. Qd3 Rf5 32. Rd1 Rh5 33. Ke1 Rh1+ 34. Kd2 Rxd1+ 35. Kc3 Rxd3+ 0-1